Opportunities in basic soil science research /

Guardado en:
Autor Corporativo: Soil Science Society of America.
Otros Autores: Sposito, Garrison, 1939-, Reginato, R. J., Luxmoore, Robert J.
Formato: Libro
Idioma:English
Publicado: Madison, Wis., USA : Soil Science Society of America, 1992.
Etiquetas: Agregar Etiqueta
Sin Etiquetas, Sea el primero en etiquetar este registro!
LEADER 00770pam a2200181 a 4500
001 EEA.libagro010237
005 20161011123636.0
008 911021s1992####wiua##########000#0#eng##
020 |a 0891187995 
082 0 0 |a 631.4072 
245 0 0 |a Opportunities in basic soil science research /  |c editors, Garrison Sposito and Robert J. Reginato ; editor-in-chief SSSA, R.J. Luxmoore ; managing editor, S.H. Mickelson ; associate editor, Pamm Kasper. 
260 |a Madison, Wis., USA :  |b Soil Science Society of America,  |c 1992. 
300 |a xx, 109 p. :  |b il. ;  |c 23 cm. 
700 1 |a Sposito, Garrison,  |d 1939- 
700 1 |a Reginato, R. J.  |q (Robert J.) 
700 1 |a Luxmoore, Robert J. 
710 2 |a Soil Science Society of America. 
859 |a AR-BbBCA  |b BIB. AGRONOMIA  |h 631.4072  |i S764  |p 1998/3180